Aprendiendo a escribir en las disciplinas: articulación entre el currículum escolar y el universitario
保存先:
| 主要な著者: | , , , |
|---|---|
| フォーマット: | 図書 |
| 言語: | スペイン語 |
| 出版事項: |
Valparaíso
Ediciones Universitarias de Valparaíso
2009
|
| 版: | 1a. ed |
| シリーズ: | Educación
|
| 主題: | |
| タグ: |
タグ追加
タグなし, このレコードへの初めてのタグを付けませんか!
|
MARC
| LEADER | 00000cam a2200000 a 4500 | ||
|---|---|---|---|
| 001 | UCH5107 | ||
| 003 | CL-VaPUC | ||
| 005 | 20231023130021.0 | ||
| 008 | 090924e20090000CL |||||||||||||||||spa|d | ||
| 999 | |c 336309 |d 336307 | ||
| 020 | |a 9789561704442 | ||
| 040 | |c Pontificia Universidad Católica de Valparaíso | ||
| 082 | 0 | 4 | |a 372.623 |b MAR |2 21 |
| 100 | |a Marinkovich Ravena, Juana Teresa |e autora |9 567399 | ||
| 245 | 1 | 0 | |a Aprendiendo a escribir en las disciplinas: articulación entre el currículum escolar y el universitario |
| 250 | |a 1a. ed | ||
| 260 | |a Valparaíso |b Ediciones Universitarias de Valparaíso |c 2009 | ||
| 300 | |a 173 p | ||
| 490 | 0 | |a Educación | |
| 583 | |a last modification |c 20130304 09:41:07 |k Rodrigo Vera | ||
| 650 | 0 | |a Redacción de informes |9 320524 | |
| 650 | 0 | |a Enseñanza de la escritura |9 307377 | |
| 650 | 7 | |a Métodos de enseñanza |2 CL-VaPUC |9 541267 | |
| 650 | 0 | |a Tecnicas de redacción |9 264941 | |
| 700 | 0 | |a Velásquez Rivera, Marisol |e author |9 541264 | |
| 700 | 0 | |a Salazar Parra, Juan |e author |9 541265 | |
| 700 | 0 | |a Córdova Jiménez, Alejandro |e author |9 541266 | |
| 942 | |c BK |2 ddc | ||
| 945 | |d 20090924 00:00:00 |a rbrito | ||
| 952 | |0 0 |1 0 |4 0 |6 372_623000000000000_MAR_2009 |7 0 |8 A |9 427387 |a FDOPOS |b FDOPOS |d 2019-11-22 |i 4603087 |o 372.623 MAR 2009 |p 4603087 |r 2025-01-22 |w 2019-11-22 |y BK |k MLA | ||
| 952 | |0 0 |1 0 |4 0 |6 372_623000000000000_MAR_2009 |7 0 |8 A |9 427388 |a FDOPOS |b FDOPOS |d 2019-11-22 |i 4603095 |o 372.623 MAR 2009 |p 4603095 |r 2019-11-22 |w 2019-11-22 |y BK |k MLA | ||
| 952 | |0 0 |1 0 |4 0 |6 372_623000000000000_MAR_2009 |7 0 |8 A |9 427389 |a FDOPOS |b FDOPOS |d 2019-11-22 |i 4603109 |o 372.623 MAR 2009 |p 4603109 |r 2025-01-22 |w 2019-11-22 |y BK |k MLA | ||
| 952 | |0 0 |1 0 |4 0 |6 372_623000000000000_MAR_2009 |7 0 |8 A |9 427390 |a FDOPOS |b FDOPOS |d 2019-11-22 |i 4603117 |o 372.623 MAR 2009 |p 4603117 |r 2025-01-22 |w 2019-11-22 |y BK |k MLA | ||
| 952 | |0 0 |1 0 |4 0 |6 372_623000000000000_MAR_2009 |7 0 |8 A |9 427391 |a FDOPOS |b FDOPOS |d 2019-11-22 |i 4603125 |o 372.623 MAR 2009 |p 4603125 |r 2025-01-22 |w 2019-11-22 |y BK |k MLA | ||
| 952 | |0 0 |1 0 |4 0 |6 372_623000000000000_MAR_2009 |7 0 |8 A |9 427392 |a FDOPOS |b FDOPOS |d 2019-11-22 |i 4603133 |o 372.623 MAR 2009 |p 4603133 |r 2025-01-22 |w 2019-11-22 |y BK |k MLA | ||
| 952 | |0 0 |1 0 |4 0 |6 372_623000000000000_MAR_2009 |7 0 |8 A |9 427393 |a FDOPOS |b FDOPOS |d 2019-11-22 |i 4603141 |o 372.623 MAR 2009 |p 4603141 |r 2025-01-22 |w 2019-11-22 |y BK |k MLA | ||
| 952 | |0 0 |1 0 |4 0 |6 372_623000000000000_MAR_2009 |7 0 |8 A |9 427394 |a FDOPOS |b FDOPOS |d 2019-11-22 |i 460315K |o 372.623 MAR 2009 |p 460315K |r 2025-01-22 |w 2019-11-22 |y BK |k MLA | ||
| 952 | |0 0 |1 0 |4 0 |6 372_623000000000000_MAR_2009 |7 0 |8 A |9 427395 |a FDOPOS |b FDOPOS |d 2019-11-22 |i 4603168 |o 372.623 MAR 2009 |p 4603168 |r 2025-01-22 |w 2019-11-22 |y BK |k MLA | ||
| 952 | |0 0 |1 0 |4 0 |6 372_623000000000000_MAR_2009 |7 0 |8 A |9 427396 |a FDOPOS |b FDOPOS |d 2019-11-22 |i 4603176 |o 372.623 MAR 2009 |p 4603176 |r 2025-01-22 |w 2019-11-22 |y BK |k MLA | ||
| 952 | |0 0 |1 0 |4 0 |6 372_623000000000000_MAR_2009 |7 0 |8 A |9 427397 |a BIBEDU |b BIBEDU |d 2019-11-22 |i 4603184 |o 372.623 MAR 2009 |p 4603184 |r 2019-11-22 |w 2019-11-22 |y BK |k LIT | ||
| 952 | |0 0 |1 0 |4 0 |6 372_623000000000000_MAR_2009 |7 0 |8 A |9 427398 |a BIBEDU |b BIBEDU |d 2019-11-22 |i 4603192 |o 372.623 MAR 2009 |p 4603192 |r 2019-11-22 |w 2019-11-22 |y BK |k LIT | ||
| 952 | |0 0 |1 0 |4 0 |6 372_623000000000000_MAR_2009 |7 0 |8 A |9 427399 |a BIBEDU |b BIBEDU |d 2019-11-22 |i 4603206 |o 372.623 MAR 2009 |p 4603206 |r 2019-11-22 |w 2019-11-22 |y BK |k LIT | ||
| 952 | |0 0 |1 0 |4 0 |6 372_623000000000000_MAR_2009 |7 0 |8 A |9 427400 |a BIBEDU |b BIBEDU |d 2019-11-22 |i 4603214 |o 372.623 MAR 2009 |p 4603214 |r 2019-11-22 |w 2019-11-22 |y BK |k LIT | ||
| 952 | |0 0 |1 0 |4 0 |6 372_623000000000000_MAR_2009 |7 0 |8 A |9 427401 |a BIBEDU |b BIBEDU |d 2019-11-22 |i 4603222 |o 372.623 MAR 2009 |p 4603222 |r 2019-11-22 |w 2019-11-22 |y BK |k LIT | ||
| 952 | |0 0 |1 0 |4 0 |6 372_623000000000000_MAR_2009 |7 0 |8 A |9 427402 |a BIBEDU |b BIBEDU |d 2019-11-22 |i 4603230 |o 372.623 MAR 2009 |p 4603230 |r 2019-11-22 |w 2019-11-22 |y BK |k LIT | ||
| 952 | |0 0 |1 0 |4 0 |6 372_623000000000000_MAR_2009 |7 0 |8 A |9 427403 |a BIBEDU |b BIBEDU |d 2019-11-22 |i 4603249 |o 372.623 MAR 2009 |p 4603249 |r 2019-11-22 |w 2019-11-22 |y BK |k LIT | ||
| 952 | |0 0 |1 0 |4 0 |6 372_623000000000000_MAR_2009 |7 0 |8 A |9 427404 |a BIBEDU |b BIBEDU |d 2019-11-22 |i 4603257 |o 372.623 MAR 2009 |p 4603257 |r 2019-11-22 |w 2019-11-22 |y BK |k LIT | ||
| 952 | |0 0 |1 0 |4 0 |6 372_623000000000000_MAR_2009 |7 0 |8 A |9 427405 |a BIBEDU |b BIBEDU |d 2019-11-22 |i 4603265 |o 372.623 MAR 2009 |p 4603265 |r 2019-11-22 |w 2019-11-22 |y BK |k LIT | ||
| 952 | |0 0 |1 0 |4 0 |6 372_623000000000000_MAR_2009 |7 0 |8 A |9 427406 |a BIBEDU |b BIBEDU |d 2019-11-22 |i 4603273 |o 372.623 MAR 2009 |p 4603273 |r 2019-11-22 |w 2019-11-22 |y BK |k LIT | ||
| 952 | |0 0 |1 0 |4 0 |6 372_623000000000000_MAR_2009 |7 0 |8 A |9 427407 |a BIBEDU |b BIBEDU |d 2019-11-22 |i 4603281 |l 1 |o 372.623 MAR 2009 |p 4603281 |r 2023-04-13 |s 2023-03-06 |w 2019-11-22 |y BK |k BME | ||
| 952 | |0 0 |1 0 |4 0 |6 372_623000000000000_MAR_2009 |7 0 |8 A |9 427408 |a BIBEDU |b BIBEDU |d 2019-11-22 |i 460329K |o 372.623 MAR 2009 |p 460329K |r 2019-11-22 |w 2019-11-22 |y BK |k BME | ||
| 952 | |0 0 |1 0 |4 0 |6 372_623000000000000_MAR_2009 |7 0 |8 A |9 427410 |a BIBEDU |b BIBEDU |d 2019-11-22 |i 4603311 |o 372.623 MAR 2009 |p 4603311 |r 2019-11-22 |w 2019-11-22 |y BK |k BME | ||
| 952 | |0 0 |1 0 |4 0 |6 372_623000000000000_MAR_2009 |7 0 |8 A |9 427411 |a BIBEDU |b BIBEDU |d 2019-11-22 |i 460332K |o 372.623 MAR 2009 |p 460332K |r 2019-11-22 |w 2019-11-22 |y BK |k BME | ||
| 952 | |0 0 |1 0 |4 0 |6 372_623000000000000_MAR_2009 |7 0 |8 A |9 427412 |a BIBEDU |b BIBEDU |d 2019-11-22 |i 4603338 |o 372.623 MAR 2009 |p 4603338 |r 2019-11-22 |w 2019-11-22 |y BK |k BME | ||
| 952 | |0 0 |1 0 |4 0 |6 372_623000000000000_MAR_2009 |7 0 |8 A |9 427413 |a BIBEDU |b BIBEDU |d 2019-11-22 |i 4603346 |o 372.623 MAR 2009 |p 4603346 |r 2019-11-22 |w 2019-11-22 |y BK |k BME | ||
| 952 | |0 0 |1 0 |4 0 |6 372_623000000000000_MAR_2009 |7 0 |8 A |9 427414 |a BIBEDU |b BIBEDU |d 2019-11-22 |i 4603354 |o 372.623 MAR 2009 |p 4603354 |r 2019-11-22 |w 2019-11-22 |y BK |k BME | ||
| 952 | |0 0 |1 0 |4 0 |6 372_623000000000000_MAR_2009 |7 0 |8 A |9 427415 |a BIBEDU |b BIBEDU |d 2019-11-22 |i 4603362 |o 372.623 MAR 2009 |p 4603362 |r 2019-11-22 |w 2019-11-22 |y BK |k BME | ||
| 952 | |0 0 |1 0 |4 0 |6 372_623000000000000_MAR_2009 |7 0 |8 A |9 427416 |a BIBEDU |b BIBEDU |d 2019-11-22 |i 4603370 |o 372.623 MAR 2009 |p 4603370 |r 2019-11-22 |w 2019-11-22 |y BK |k BME | ||
| 952 | |0 0 |1 0 |4 0 |6 372_623000000000000_MAR_2009 |7 0 |8 A |9 427417 |a BIBEDU |b BIBEDU |d 2019-11-22 |i 4603389 |o 372.623 MAR 2009 |p 4603389 |r 2019-11-22 |w 2019-11-22 |y BK |k BME | ||
| 952 | |0 0 |1 0 |4 0 |6 372_623000000000000_MAR_2009 |7 0 |8 A |9 427418 |a BIBEDU |b BIBEDU |d 2019-11-22 |i 4603397 |o 372.623 MAR 2009 |p 4603397 |r 2019-11-22 |w 2019-11-22 |y BK |k BME | ||
| 952 | |0 0 |1 0 |4 0 |6 372_623000000000000_MAR_2009 |7 0 |8 A |9 427419 |a BIBEDU |b BIBEDU |d 2019-11-22 |i 4603400 |o 372.623 MAR 2009 |p 4603400 |r 2019-11-22 |w 2019-11-22 |y BK |k BME | ||
| 952 | |0 0 |1 0 |4 0 |6 372_623000000000000_MAR_2009 |7 0 |8 A |9 427420 |a BIBEDU |b BIBEDU |d 2019-11-22 |i 4603419 |o 372.623 MAR 2009 |p 4603419 |r 2019-11-22 |w 2019-11-22 |y BK |k BME | ||
| 952 | |0 0 |1 0 |4 0 |6 372_623000000000000_MAR_2009 |7 0 |8 A |9 427421 |a BIBEDU |b BIBEDU |d 2019-11-22 |i 4603427 |o 372.623 MAR 2009 |p 4603427 |r 2019-11-22 |w 2019-11-22 |y BK |k BME | ||
| 952 | |0 0 |1 0 |4 0 |6 372_623000000000000_MAR_2009 |7 0 |8 A |9 427422 |a BIBHIS |b BIBHIS |d 2019-11-22 |i 4603435 |o 372.623 MAR 2009 |p 4603435 |r 2025-01-20 |w 2019-11-22 |y BK |k HIS | ||
| 952 | |0 0 |1 0 |4 0 |6 372_623000000000000_MAR_2009 |7 0 |8 A |9 427423 |a BIBHIS |b BIBHIS |d 2019-11-22 |i 4603443 |o 372.623 MAR 2009 |p 4603443 |r 2025-01-20 |w 2019-11-22 |y BK |k HIS | ||
| 952 | |0 0 |1 0 |4 0 |6 372_623000000000000_MAR_2009 |7 0 |8 A |9 427424 |a BIBHIS |b BIBHIS |d 2019-11-22 |i 4603451 |o 372.623 MAR 2009 |p 4603451 |r 2025-01-20 |w 2019-11-22 |y BK |k HIS | ||
| 952 | |0 0 |1 0 |4 0 |6 372_623000000000000_MAR_2009 |7 0 |8 A |9 427425 |a BIBHIS |b BIBHIS |d 2019-11-22 |i 460346K |o 372.623 MAR 2009 |p 460346K |r 2025-01-20 |w 2019-11-22 |y BK |k HIS | ||
| 952 | |0 0 |1 0 |4 0 |6 372_623000000000000_MAR_2009 |7 0 |8 A |9 427426 |a BIBHIS |b BIBHIS |d 2019-11-22 |i 4603478 |o 372.623 MAR 2009 |p 4603478 |r 2025-01-20 |w 2019-11-22 |y BK |k HIS | ||
| 952 | |0 0 |1 0 |4 0 |6 372_623000000000000_MAR_2009 |7 0 |8 A |9 427427 |a BIBEDU |b BIBEDU |d 2019-11-22 |i 4603486 |o 372.623 MAR 2009 |p 4603486 |r 2023-01-12 |w 2019-11-22 |y BK |k MUS | ||
| 952 | |0 0 |1 0 |4 0 |6 372_623000000000000_MAR_2009 |7 0 |8 A |9 427428 |a BIBEDU |b BIBEDU |d 2019-11-22 |i 4603494 |o 372.623 MAR 2009 |p 4603494 |r 2023-01-12 |w 2019-11-22 |y BK |k MUS | ||
| 952 | |0 0 |1 0 |4 0 |6 372_623000000000000_MAR_2009 |7 0 |8 A |9 427429 |a BIBEDU |b BIBEDU |d 2019-11-22 |i 4603508 |o 372.623 MAR 2009 |p 4603508 |r 2023-01-12 |w 2019-11-22 |y BK |k MUS | ||
| 952 | |0 0 |1 0 |4 0 |6 372_623000000000000_MAR_2009 |7 0 |8 A |9 427430 |a BIBEDU |b BIBEDU |d 2019-11-22 |i 4603516 |o 372.623 MAR 2009 |p 4603516 |r 2023-01-12 |w 2019-11-22 |y BK |k MUS | ||
| 952 | |0 0 |1 0 |4 0 |6 372_623000000000000_MAR_2009 |7 0 |8 A |9 427431 |a BIBEDU |b BIBEDU |d 2019-11-22 |i 4603524 |o 372.623 MAR 2009 |p 4603524 |r 2023-01-12 |w 2019-11-22 |y BK |k MUS | ||
| 952 | |0 0 |1 0 |4 0 |6 372_623000000000000_MAR_2009 |7 0 |8 A |9 427432 |a BIBTEO |b BIBTEO |d 2019-11-22 |i 4603532 |o 372.623 MAR 2009 |p 4603532 |r 2025-01-17 |w 2019-11-22 |y BK |k ICR | ||
| 952 | |0 0 |1 0 |4 0 |6 372_623000000000000_MAR_2009 |7 0 |8 A |9 427433 |a BIBTEO |b BIBTEO |d 2019-11-22 |i 4603540 |o 372.623 MAR 2009 |p 4603540 |r 2025-01-17 |w 2019-11-22 |y BK |k ICR | ||
| 952 | |0 0 |1 0 |4 0 |6 372_623000000000000_MAR_2009 |7 0 |8 A |9 427434 |a BIBTEO |b BIBTEO |d 2019-11-22 |i 4603559 |o 372.623 MAR 2009 |p 4603559 |r 2025-01-17 |w 2019-11-22 |y BK |k ICR | ||
| 952 | |0 0 |1 0 |4 0 |6 372_623000000000000_MAR_2009 |7 0 |8 A |9 427435 |a BIBTEO |b BIBTEO |d 2019-11-22 |i 4603567 |o 372.623 MAR 2009 |p 4603567 |r 2025-01-17 |w 2019-11-22 |y BK |k ICR | ||
| 952 | |0 0 |1 0 |4 0 |6 372_623000000000000_MAR_2009 |7 0 |8 A |9 427436 |a BIBTEO |b BIBTEO |d 2019-11-22 |i 4603575 |o 372.623 MAR 2009 |p 4603575 |r 2025-01-17 |w 2019-11-22 |y BK |k ICR | ||
| 952 | |0 0 |1 0 |4 0 |6 372_623000000000000_MAR_2009 |7 0 |8 X |9 427437 |a FDOBUD |b FDOBUD |d 2019-11-22 |i 4672631 |o 372.623 MAR 2009 |p 4672631 |r 2019-11-22 |w 2019-11-22 |y BK_X |k BUD | ||
| 952 | |0 0 |1 0 |4 0 |6 372_623000000000000_MAR_2009 |7 0 |8 A |9 427438 |a BIBEDU |b BIBEDU |d 2019-11-22 |i 4674782 |o 372.623 MAR 2009 |p 4674782 |r 2019-11-22 |w 2019-11-22 |y BK |k EPE | ||
| 952 | |0 0 |1 0 |4 0 |6 372_623000000000000_MAR_2009 |7 0 |8 A |9 427439 |a BIBEDU |b BIBEDU |d 2019-11-22 |i 4674790 |o 372.623 MAR 2009 |p 4674790 |r 2019-11-22 |w 2019-11-22 |y BK |k EPE | ||
| 952 | |0 0 |1 0 |4 0 |6 372_623000000000000_MAR_2009 |7 0 |8 A |9 427440 |a FDOPOS |b FDOPOS |d 2019-11-22 |i 4741773 |o 372.623 MAR 2009 |p 4741773 |r 2025-01-22 |w 2019-11-22 |y BK |k DLA | ||
| 952 | |0 0 |1 4 |4 0 |6 372_623000000000000_MAR_2009 |7 0 |8 A |9 427441 |a FDOPOS |b FDOPOS |d 2019-11-22 |i 4952685 |o 372.623 MAR 2009 |p 4952685 |r 2019-11-22 |w 2019-11-22 |y BK |k DLA | ||
| 952 | |0 0 |1 4 |4 0 |6 372_623000000000000_MAR_2009 |7 0 |8 A |9 427442 |a FDOPOS |b FDOPOS |d 2019-11-22 |i 4952693 |o 372.623 MAR 2009 |p 4952693 |r 2021-08-27 |w 2019-11-22 |y BK |k DLA | ||
| 952 | |0 0 |1 0 |3 erb |4 0 |6 372_623000000000000_MAR_2009 |7 0 |8 A |9 427446 |a BIBEDU |b BIBEDU |i 526121K |o 372.623 MAR 2009 |p 526121K |r 2019-11-22 |w 2019-11-22 |y BK |z Catalogado en:20160114 |k LIT | ||
| 952 | |0 0 |1 0 |3 erb |4 0 |6 372_623000000000000_MAR_2009 |7 0 |8 A |9 427447 |a BIBEDU |b BIBEDU |i 5261228 |o 372.623 MAR 2009 |p 5261228 |r 2019-11-22 |w 2019-11-22 |y BK |z Catalogado en:20160114 |k LIT | ||
| 952 | |0 0 |1 0 |3 erb |4 0 |6 372_623000000000000_MAR_2009 |7 0 |8 A |9 427448 |a BIBEDU |b BIBEDU |i 5261236 |o 372.623 MAR 2009 |p 5261236 |r 2019-11-22 |w 2019-11-22 |y BK |z Catalogado en:20160114 |k LIT | ||
| 952 | |0 0 |1 0 |3 erb |4 0 |6 372_623000000000000_MAR_2009 |7 0 |8 A |9 427449 |a BIBEDU |b BIBEDU |i 5261244 |o 372.623 MAR 2009 |p 5261244 |r 2019-11-22 |w 2019-11-22 |y BK |z Catalogado en:20160114 |k LIT | ||